Diagnóstico de explotaciones porcinas /

Guardado en:
Autor Principal: Vieites, Carlos M
Formato: Libro
Publicado: Buenos Aires : Orientación Gráfica Editora, 1986
Materias:
Etiquetas: Agregar Etiqueta
Sin Etiquetas, Sea el primero en etiquetar este registro!
LEADER 00621nam a22001815a 4500
001 CEM.cems016828
005 20120605170739.0
008 130507s1986##################000#0#####d
003 CEMS
082 0 4 |a 636.4 
100 1 |a Vieites, Carlos M 
245 1 0 |a Diagnóstico de explotaciones porcinas /  |c Carlos M Vieites, Lorenzo R Basso y Claudio P Basso 
260 |a Buenos Aires :  |b Orientación Gráfica Editora,  |c 1986 
300 |a 61 p. 
653 |a Porcinos-expotación 
653 |a Porcinos 
859 |a CEMS  |b BIB. CEMS - Agricultura  |h 636.4  |i V673  |p A0204.00  |t Ej.1 
859 |a CEMS  |b BIB. CEMS - Agricultura  |h 636.4  |i V673  |p A0253.00  |t Ej.2